خطبا ت (Record no. 169833)
[ view plain ]
| 000 -LEADER | |
|---|---|
| fixed length control field | 00588nam a22001937a 4500 |
| 005 - DATE AND TIME OF LATEST TRANSACTION | |
| control field | 20191205145148.0 |
| 010 ## - LCCN (DPL NO) | |
| LC control number | A-277108 |
| 020 ## - INTERNATIONAL STANDARD BOOK NUMBER | |
| Terms of availability | 25.00 |
| International Standard Book Number | - |
| 035 ## - SYSTEM CONTROL NUMBER | |
| System control number | A-277108 |
| 037 ## - SOURCE OF ACQUISITION | |
| Source of stock number/acquisition | BPPD |
| 082 ## - DEWEY DECIMAL CLASSIFICATION NUMBER | |
| Classification number | 270.4 |
| 100 ## - MAIN ENTRY--PERSONAL NAME | |
| Personal name | ا بو النو ر محمد بشير |
| 245 ## - TITLE STATEMENT | |
| Title | خطبا ت |
| Statement of responsibility, etc | ا بو النو ر محمد بشير |
| 246 ## - VARYING FORM OF TITLE | |
| Title proper/short title | Khutbaat |
| Remainder of title | by Abuul Noor Mohd.Bashir |
| 260 ## - PUBLICATION, DISTRIBUTION, ETC. (IMPRINT) | |
| Place of publication, distribution, etc | Delhi |
| Date of publication, distribution, etc | 1987 ء |
| Name of publisher, distributor, etc | Mehal Publications |
| 270 ## - ADDRESS | |
| Address | 1397,Pahari Imli,Jama Masjid |
| City | Delhi |
| Telephone number | - |
| Postal code | - |
| 300 ## - PHYSICAL DESCRIPTION | |
| Extent | 336 ص |
| Dimensions | 22 cm(hb) |
| 942 ## - ADDED ENTRY ELEMENTS (KOHA) | |
| Source of classification or shelving scheme | Dewey Decimal Classification |
| Item type | Urdu Bks |
| Classification part | 270.4 |
| Call number suffix | ا ب و |
| Withdrawn status | Lost status | Not for loan | Collection code | Home library | Current library | Date acquired | Source of acquisition | Cost, normal purchase price | Full call number | Barcode | Copy number | Cost, replacement price | Koha item type |
|---|---|---|---|---|---|---|---|---|---|---|---|---|---|
| Ordered | Non-fiction | Central Library | Central Library | 05/12/2019 | BPPD/Ven. | 25.00 | 270.4 ا ب و | A-277108 | 1 | 25.00 | Urdu Bks |
